Statistiques concernant Chansons en italien

Cliquez ici pour prendre le quiz!

Statistiques générales

  • Ce quiz a été pris 163 fois
  • Le résultat moyen est 8 sur 28

Statistiques - réponses

ArtistesChanson% Correct
Laura PausiniLa solitudine
70%
Umberto TozziTi amo
70%
Ricchi e PoveriSara perche ti amo
63%
Eros RamazzottiUna storia importante
57%
Toto CutugnoL'italiano
52%
Andrea BocelliCon te partiro
46%
Al Bano & Romina PowerFelicità
42%
Adriano CelentanoSvalutation
38%
NekLaura non c'è
34%
Gianna NanniniI maschi
30%
PupoSu di noi
30%
ZuccheroIl volo
29%
Lucio DallaCaruso ( 1986 )
27%
Paolo ConteVia con me
26%
Tiziano FerroPerdono
26%
DalidaCome prima ( Tu me donnes )
23%
Domenico ModugnoNel blu dipinto di blu ( Volare )
23%
Raffaella CarràA far l'amore comincia tu
23%
Richard CoccianteIl mio refugio
22%
Bobby SoloUna lacrima sul viso
17%
Gigliola CinquettiNon ho l'età
16%
I Santo CaliforniaTornero
14%
Marco MasiniPerche lo fai
14%
Pino D'AngiòMa quale idea
12%
DrupiVado via
11%
Matia BazarTi sento
9%
Nino De AngeloLa valle del eden
7%
David & JonathanBella vita
4%

Distribution des résultats

Percentile par nombre de réponses

% des personnes avec chaque résultat

Votre développement - résultats

Vous n’avez pas pris ce quiz